The politics of the world-economy : the states, the movements, and the civilizations

Αποθηκεύτηκε σε:
Λεπτομέρειες βιβλιογραφικής εγγραφής
Κύριος συγγραφέας: Wallerstein, Immanuel Maurice 1930-
Μορφή: Βιβλίο
Γλώσσα:English
Δημοσίευση: Cambridge : Cambridge University press, 1984
Σειρά:Studies in modern capitalism
Θέματα:
Ετικέτες: Προσθήκη ετικέτας
Δεν υπάρχουν, Καταχωρήστε ετικέτα πρώτοι!

MARC

LEADER 00000nam a2200000 i 4500
001 1/7060
008 960723s1984 eng d
020 |a 0521259185 
035 |l 10016572 
040 |a GR-MY-UA  |b gre  |e aacr 
041 0 |a eng 
082 0 |a 330.9048 
100 1 |a Wallerstein, Immanuel Maurice  |d 1930- 
245 1 4 |a The politics of the world-economy :  |b the states, the movements, and the civilizations /  |c Immanuel Wallerstein 
260 |a Cambridge :   |b Cambridge University press,   |c 1984 
300 |a 191 p. 
490 1 |a Studies in modern capitalism 
504 |a Includes index 
650 0 0 |a Economic history  |y 1945- 
650 0 0 |a Government, Resistance to. 
650 0 0 |a Quality of life. 
830 0 |a Studies in modern capitalism 
852 |a INST  |b LESVOS  |e 19960723  |h 330.9048 WAL  |p 005100004513  |q 005100004513  |t BK  |y 0 
909 |a Λ  |b 03922